000
00327nam a2200145Ia 4500
008
150201s2012 xx 000 0 und d
082
_a
616.07
_b
V12P
100
_a
PUNIA, RAJPAL
245
_a
VIVA IN PATHOLOGY
250
_a
1ST
260
_b
AITBS
_a
DELHI
_c
2012
300
_a
182
650
_a
PATHOLOGY
942
_2
ddc
_c
BK
_0
4
999
_c
2413
_d
2413